[Event "Paracin 2023"]
[Site "Paracin, Serbia"]
[Date "2023.07.14"]
[Round "8.1"]
[White "Bryakin, Mikhail"]
[Black "Gundavaa, Bayarsaikhan"]
[Result "1/2-1/2"]
[WhiteElo "2454"]
[BlackElo "2510"]
[PlyCount "40"]
[EventDate "2023.??.??"]

1. d4 Nf6 2. Nc3 d5 3. Bf4 c5 4. e4 Nxe4 5. Nxe4 dxe4 6. dxc5 Qa5+ 7. c3 Qxc5
8. Qa4+ Nc6 9. Qxe4 g6 10. Nf3 Bg7 11. Qe3 Qxe3+ 12. Bxe3 O-O 13. Be2 Be6 14.
O-O h6 15. Rfd1 Rfd8 16. Nd2 Ne5 17. Bd4 Nc6 18. Be3 Ne5 19. Bd4 Nc6 20. Be3
Ne5 1/2-1/2

[Event "Paracin 2023"]
[Site "Paracin, Serbia"]
[Date "2023.07.14"]
[Round "8.2"]
[White "Urazayev, Arystanbek"]
[Black "Efremov, Vladislav"]
[Result "1/2-1/2"]
[WhiteElo "2427"]
[BlackElo "2356"]
[PlyCount "69"]
[EventDate "2023.??.??"]

1. e4 c5 2. Nf3 Nc6 3. Bb5 e6 4. O-O Nge7 5. d4 cxd4 6. Nxd4 Qb6 7. Nxc6 bxc6
8. Be2 Ng6 9. c4 Be7 10. Nc3 O-O 11. Rb1 Rd8 12. Be3 Qc7 13. f4 d5 14. cxd5
cxd5 15. exd5 Bc5 16. Qc1 exd5 17. Nb5 Bxe3+ 18. Qxe3 Qb6 19. Qxb6 axb6 20. a3
Bf5 21. Rbd1 Rac8 22. Nd4 Be4 23. Rd2 Ne7 24. Rfd1 g6 25. Kf2 f6 26. Ba6 Ra8
27. Bb5 Rac8 28. a4 Nf5 29. Nc6 Rd7 30. Nb4 Rd6 31. g4 Ne7 32. Rd4 f5 33. g5
Kg7 34. R4d2 h6 35. gxh6+ 1/2-1/2

[Event "Paracin 2023"]
[Site "Paracin, Serbia"]
[Date "2023.07.14"]
[Round "8.3"]
[White "Ivanisevic, Ivan"]
[Black "Damjanovic, Vuk"]
[Result "1-0"]
[WhiteElo "2536"]
[BlackElo "2376"]
[PlyCount "101"]
[EventDate "2023.??.??"]

1. d4 d5 2. Nf3 c5 3. c4 Nf6 4. cxd5 cxd4 5. Qxd4 Qxd5 6. Nc3 Qxd4 7. Nxd4 a6
8. g3 e5 9. Nb3 a5 10. Bg2 Nc6 11. Bg5 a4 12. Nd2 Be6 13. O-O Be7 14. Nb5 Rc8
15. Rfc1 O-O 16. Nc4 Nb4 17. Ne3 Nxa2 18. Rc7 Rxc7 19. Nxc7 Bb3 20. Bxb7 Bd8
21. Bxf6 Bxf6 22. Bc6 e4 23. Bxa4 Bxa4 24. Rxa2 Bb3 25. Ra5 Rb8 26. Na6 Ra8 27.
Rb5 Ba4 28. Rb4 Bc6 29. Nc7 Ra1+ 30. Kg2 h5 31. Ncd5 Re1 32. Nxf6+ gxf6 33. Rb6
Rc1 34. b4 Kg7 35. Nf5+ Kh7 36. Nd4 Bd5 37. Rb5 Ba8 38. Rxh5+ Kg6 39. Ra5 Bb7
40. e3 Rb1 41. b5 Bd5 42. h4 Bc4 43. g4 Bf1+ 44. Kg3 Bd3 45. h5+ Kh6 46. Ra8
Rg1+ 47. Kf4 Rg2 48. Nf5+ Kh7 49. Rf8 Rxf2+ 50. Kg3 Rf3+ 51. Kh4 1-0

[Event "Paracin 2023"]
[Site "Paracin, Serbia"]
[Date "2023.07.14"]
[Round "8.4"]
[White "Pranesh, M."]
[Black "Shahil, Dey"]
[Result "1-0"]
[WhiteElo "2507"]
[BlackElo "2333"]
[PlyCount "101"]
[EventDate "2023.??.??"]

1. e4 c5 2. Nf3 a6 3. c4 e6 4. Nc3 Qc7 5. d4 cxd4 6. Nxd4 Nf6 7. f4 Bb4 8. Bd3
b5 9. Qb3 Bc5 10. Nf3 Ng4 11. Nd1 bxc4 12. Qxc4 d5 13. Qc3 f5 14. e5 Qb6 15.
Bd2 Bd7 16. Rc1 Bf2+ 17. Ke2 Nc6 18. h3 Nd4+ 19. Nxd4 Bxd4 20. Qc7 Nh6 21. Qxb6
Bxb6 22. Be3 Bxe3 23. Nxe3 g5 24. g3 gxf4 25. gxf4 Rg8 26. Nc2 Ke7 27. Rhg1 a5
28. Nd4 Rab8 29. b3 Rxg1 30. Rxg1 Nf7 31. Rc1 Nd8 32. a3 Rc8 33. Rg1 Kf8 34.
Ke3 Kf7 35. h4 Kf8 36. Ra1 Ke7 37. b4 axb4 38. axb4 Nc6 39. Nxc6+ Rxc6 40. Kd4
Rb6 41. b5 Kd8 42. Ra8+ Kc7 43. Kc5 Rb8 44. Ra7+ Rb7 45. b6+ Kb8 46. Ra1 Bc8
47. Rg1 Rf7 48. Rg8 Kb7 49. Be2 Bd7 50. Bh5 Re7 51. Kd6 1-0

[Event "Paracin 2023"]
[Site "Paracin, Serbia"]
[Date "2023.07.14"]
[Round "8.5"]
[White "Uskov, Artem"]
[Black "Low, Zhen Yu Cyrus"]
[Result "0-1"]
[WhiteElo "2371"]
[BlackElo "2444"]
[PlyCount "100"]
[EventDate "2023.??.??"]

1. e4 c5 2. Nf3 d6 3. d4 cxd4 4. Nxd4 Nf6 5. Nc3 Nc6 6. Bg5 Bd7 7. Qd2 a6 8.
O-O-O e6 9. f3 Be7 10. h4 Nxd4 11. Qxd4 Qc7 12. g4 h5 13. gxh5 Nxh5 14. Bxe7
Kxe7 15. Qd2 b5 16. Bd3 b4 17. Ne2 a5 18. Rdg1 Rab8 19. Kb1 a4 20. Nf4 Qc3 21.
Qe3 Qf6 22. Ne2 a3 23. Qg5 g6 24. f4 Rbc8 25. e5 dxe5 26. fxe5 Qxg5 27. Rxg5
Rc5 28. Rf1 Ng7 29. Rf4 Nf5 30. Rxb4 Nxh4 31. Nd4 Nf5 32. bxa3 Rxe5 33. Nb3
Rh1+ 34. Kb2 Kf6 35. Rgg4 Ne3 36. Rgf4+ Kg7 37. Rb7 Nd1+ 38. Kc1 Nc3+ 39. Rf1
Rxf1+ 40. Bxf1 Re1+ 41. Kd2 Rxf1 42. Kxc3 Bc6 43. Rc7 Bd5 44. Kb4 g5 45. c4 Bh1
46. Nd4 g4 47. Nxe6+ Kf6 48. Nd8 Kg6 49. Nc6 g3 50. Ne5+ Kg7 0-1

[Event "Paracin 2023"]
[Site "Paracin, Serbia"]
[Date "2023.07.14"]
[Round "8.6"]
[White "Mitsis, Georgios"]
[Black "Atalik, Suat"]
[Result "1/2-1/2"]
[WhiteElo "2412"]
[BlackElo "2438"]
[PlyCount "80"]
[EventDate "2023.??.??"]

1. d4 d5 2. Nf3 Nf6 3. c4 e6 4. g3 dxc4 5. Bg2 Bd7 6. Qc2 c5 7. Qxc4 Bc6 8.
dxc5 Qd5 9. Qxd5 Bxd5 10. Nc3 Bxc5 11. Nxd5 Nxd5 12. O-O Nc6 13. Bd2 O-O 14.
Rac1 Bb6 15. Rfd1 h6 16. a3 Rfc8 17. e3 Na5 18. Bxa5 Bxa5 19. Nd4 Rxc1 20. Rxc1
Rd8 21. Nb3 Bb6 22. Rd1 Kf8 23. Bxd5 exd5 24. Kf1 Ke7 25. Ke2 Kd6 26. Rc1 Re8
27. Kd3 g5 28. Nd4 Bxd4 29. Kxd4 f5 30. Kd3 h5 31. Rc2 a5 32. Rc1 b5 33. b3 g4
34. h3 b4 35. hxg4 fxg4 36. axb4 axb4 37. Kd4 Re4+ 38. Kd3 Re8 39. Kd4 Re4+ 40.
Kd3 Re8 1/2-1/2

[Event "Paracin 2023"]
[Site "Paracin, Serbia"]
[Date "2023.07.14"]
[Round "8.7"]
[White "Patil, Harshal"]
[Black "Damljanovic, Branko"]
[Result "1/2-1/2"]
[WhiteElo "1969"]
[BlackElo "2422"]
[PlyCount "95"]
[EventDate "2023.??.??"]

1. d4 Nf6 2. c4 d6 3. Nf3 g6 4. g3 Bf5 5. Bg2 Qc8 6. Nc3 Bg7 7. O-O O-O 8. Bg5
Re8 9. Nh4 Bd7 10. Qd2 Nc6 11. Rac1 Nh5 12. Nf3 e5 13. d5 Nd8 14. e4 a5 15. b3
b6 16. a3 f6 17. Be3 Nf7 18. b4 f5 19. Qc2 f4 20. Bd2 Rf8 21. c5 axb4 22. axb4
bxc5 23. bxc5 dxc5 24. Nb1 Bg4 25. Qxc5 Bxf3 26. Bxf3 Ng5 27. Bg2 Nh3+ 28. Bxh3
Qxh3 29. Qc6 Rae8 30. Rc3 fxg3 31. Rxg3 Nxg3 32. hxg3 Qg4 33. Bb4 Qxe4 34. Bxf8
Rxf8 35. Nc3 Qd3 36. Re1 Qd2 37. Re2 Qc1+ 38. Kg2 Qa3 39. Re3 Qb2 40. Ne4 Qd4
41. Ng5 Bh6 42. Qe6+ Kh8 43. Nf7+ Kg7 44. Nxh6 Kxh6 45. Qxe5 Qxe5 46. Rxe5 Rf6
47. Re7 c6 48. dxc6 1/2-1/2

[Event "Paracin 2023"]
[Site "Paracin, Serbia"]
[Date "2023.07.14"]
[Round "8.8"]
[White "Itgelt, Khuyagtsogt"]
[Black "Tsvetkov, Andrey"]
[Result "1/2-1/2"]
[WhiteElo "2321"]
[BlackElo "2412"]
[PlyCount "120"]
[EventDate "2023.??.??"]

1. d4 d5 2. c4 e6 3. Nf3 Nf6 4. g3 Bb4+ 5. Bd2 a5 6. Bg2 O-O 7. a3 Bd6 8. Qc2
b6 9. Nc3 Bb7 10. cxd5 exd5 11. Nb5 Ba6 12. Nxd6 cxd6 13. O-O Bxe2 14. Rfe1 Ba6
15. Nh4 Qc8 16. Rac1 Qxc2 17. Rxc2 Ne4 18. Bxe4 dxe4 19. Rc7 Bd3 20. Nf5 Na6
21. Rc6 b5 22. Rxd6 b4 23. Rc1 Rfd8 24. Ne7+ Kf8 25. Rxd8+ Rxd8 26. Nc6 Rd5 27.
axb4 axb4 28. Bxb4+ Nxb4 29. Nxb4 Rb5 30. Nxd3 exd3 31. Rd1 Rxb2 32. Rxd3 Ke7
33. Kg2 Ke6 34. Kf3 h5 35. h4 g6 36. Ke3 Rb1 37. Rd2 Kd5 38. Kf4 f6 39. Ra2 Rb4
40. Ra7 Rxd4+ 41. Ke3 Rg4 42. Ra6 Re4+ 43. Kf3 Re6 44. Ra7 Ke5 45. Ra5+ Kd6 46.
Ra7 Ke5 47. g4 f5 48. gxh5 gxh5 49. Rh7 Ra6 50. Rxh5 Ra4 51. Rh6 Rf4+ 52. Kg3
Rg4+ 53. Kh3 Rf4 54. Kg2 Rg4+ 55. Kf1 Ra4 56. h5 Rh4 57. Kg2 Kf4 58. Rh8 Kg5
59. Kf3 Rh3+ 60. Kg2 Rxh5 1/2-1/2

[Event "Paracin 2023"]
[Site "Paracin, Serbia"]
[Date "2023.07.14"]
[Round "8.9"]
[White "Arnaudov, G. Petar"]
[Black "Ristic, Nenad"]
[Result "1-0"]
[WhiteElo "2450"]
[BlackElo "2248"]
[PlyCount "83"]
[EventDate "2023.??.??"]

1. Nf3 Nf6 2. c4 g6 3. Nc3 d5 4. cxd5 Nxd5 5. h4 Bg7 6. h5 O-O 7. e4 Nxc3 8.
dxc3 Qxd1+ 9. Kxd1 Nd7 10. hxg6 hxg6 11. Bc4 Ne5 12. Nxe5 Bxe5 13. Bg5 Bf6 14.
Be3 Bd7 15. a4 a6 16. Kc2 Rfc8 17. Rhd1 Be8 18. g4 e6 19. g5 Bg7 20. a5 Rd8 21.
Bc5 Rxd1 22. Rxd1 Ba4+ 23. b3 Bc6 24. f3 Re8 25. Bd4 Rd8 26. Bf6 Rxd1 27. Kxd1
Bxf6 28. gxf6 Kh7 29. Ke2 Kh6 30. e5 Bd7 31. Ke3 Kg5 32. Bd3 Bc6 33. b4 Bd7 34.
Be4 Bc8 35. c4 c6 36. f4+ Kh5 37. Kd4 g5 38. fxg5 Kxg5 39. Bh7 Bd7 40. Kc5 Kf4
41. Kd6 Be8 42. c5 1-0

[Event "Paracin 2023"]
[Site "Paracin, Serbia"]
[Date "2023.07.14"]
[Round "8.10"]
[White "Wen, Tommy"]
[Black "Aaditya, Dhingra"]
[Result "1/2-1/2"]
[WhiteElo "2406"]
[BlackElo "2144"]
[PlyCount "90"]
[EventDate "2023.??.??"]

1. e4 c5 2. Nf3 d6 3. d4 cxd4 4. Nxd4 Nf6 5. Nc3 Nc6 6. Bg5 e6 7. Qd3 Bd7 8.
O-O-O a6 9. f4 h6 10. Bh4 g5 11. Nxc6 Bxc6 12. Bg3 Nh5 13. f5 Nxg3 14. Qxg3 Qd7
15. fxe6 fxe6 16. h4 O-O-O 17. e5 gxh4 18. Rxh4 Be7 19. Rg4 d5 20. Kb1 Bg5 21.
Ne2 Bb5 22. Nd4 Bxf1 23. Rxf1 Rhf8 24. Rd1 Kb8 25. a3 Rc8 26. Nf3 Qc6 27. Qf2
Be3 28. Qe2 Qb6 29. Rd3 Bc5 30. Rb3 Qc6 31. Rg7 Ka8 32. Qd3 Rc7 33. Qh7 Rxg7
34. Qxg7 Rc8 35. Qxh6 Bxa3 36. Rc3 Bc5 37. Nd4 Qb6 38. Qxe6 Rf8 39. Qxb6 Bxb6
40. Nf3 Rg8 41. e6 Re8 42. Ng5 Kb8 43. Rb3 Kc7 44. Rf3 Kd6 45. Rf5 Be3 1/2-1/2

[Event "Paracin 2023"]
[Site "Paracin, Serbia"]
[Date "2023.07.14"]
[Round "8.11"]
[White "Vatsal, Singhania"]
[Black "Perunovic, Miodrag"]
[Result "1-0"]
[WhiteElo "2227"]
[BlackElo "2405"]
[PlyCount "127"]
[EventDate "2023.??.??"]

1. e4 c5 2. Nf3 g6 3. d4 cxd4 4. Nxd4 Bg7 5. Nc3 Nc6 6. Be3 Nf6 7. Bc4 O-O 8.
Bb3 Re8 9. O-O d6 10. h3 Na5 11. f4 b6 12. e5 Nxb3 13. exf6 Nxd4 14. fxe7 Ne2+
15. Qxe2 Qxe7 16. Rfe1 Bb7 17. Qf2 Qf6 18. Red1 Qf5 19. Bd4 Bh6 20. Rf1 Rac8
21. Qh4 Bg7 22. Bxg7 Kxg7 23. Qf2 Rc4 24. Rad1 Rb4 25. b3 Qc5 26. Qxc5 dxc5 27.
Rd7 Be4 28. Nxe4 Rbxe4 29. Rxa7 Rd8 30. f5 g5 31. Rf2 h5 32. Kh2 h4 33. g3 Rd1
34. gxh4 gxh4 35. f6+ Kg6 36. Ra8 Ree1 37. Rg8+ Kh6 38. Rh8+ Kg5 39. Rg2+ Kxf6
40. Rxh4 Ke5 41. Rf2 f5 42. Rh8 Rh1+ 43. Kg2 Rdg1+ 44. Kf3 Kd4 45. Rd8+ Ke5 46.
Re2+ Kf6 47. Rf8+ Kg5 48. Rg8+ Kf6 49. Rxg1 Rxg1 50. Rh2 b5 51. h4 Ra1 52. h5
Kg7 53. h6+ Kh7 54. Kf4 Rxa2 55. Kxf5 c4 56. bxc4 b4 57. Ke4 b3 58. Rh1 Rxc2
59. Kd3 Rg2 60. Kc3 b2 61. Rb1 Kxh6 62. Rxb2 Rg3+ 63. Kb4 Kg6 64. Rf2 1-0

[Event "Paracin 2023"]
[Site "Paracin, Serbia"]
[Date "2023.07.14"]
[Round "8.12"]
[White "Mamatov, Melis"]
[Black "Pavlov, Mark"]
[Result "1-0"]
[WhiteElo "2403"]
[BlackElo "2286"]
[PlyCount "73"]
[EventDate "2023.??.??"]

1. e4 e6 2. d4 d5 3. Nc3 Nf6 4. e5 Nfd7 5. f4 c5 6. Nf3 Nc6 7. Be3 Be7 8. Qd2
O-O 9. dxc5 Qa5 10. O-O-O b6 11. Bb5 Bb7 12. Kb1 Nxc5 13. f5 Ne4 14. Nxe4 Qxb5
15. Nd6 Bxd6 16. exd6 Na5 17. Bd4 Rac8 18. Qf4 Nc4 19. Rd3 exf5 20. Bxg7 Kxg7
21. Qg5+ Kh8 22. Qf6+ Kg8 23. Nh4 f4 24. Nf5 Qxb2+ 25. Qxb2 Nxb2 26. Kxb2 Rc4
27. g3 f6 28. gxf4 Kf7 29. d7 Rd8 30. Nd6+ Kf8 31. Re1 Rb4+ 32. Ka3 Rxd7 33.
Re8+ Kg7 34. Rg3+ Kh6 35. Nf5+ Kh5 36. Reg8 Rxf4 37. Rh3+ 1-0

[Event "Paracin 2023"]
[Site "Paracin, Serbia"]
[Date "2023.07.14"]
[Round "8.13"]
[White "Zhukov, Anton"]
[Black "Dvalishvili, Pavel S."]
[Result "1/2-1/2"]
[WhiteElo "2215"]
[BlackElo "2394"]
[PlyCount "53"]
[EventDate "2023.??.??"]

1. d4 Nf6 2. c4 d6 3. Nf3 Bg4 4. e3 Nbd7 5. Be2 e5 6. O-O Be7 7. Nc3 O-O 8. h3
Bh5 9. b3 Re8 10. Bb2 c6 11. dxe5 dxe5 12. g4 Bg6 13. Nh4 Bb4 14. Nxg6 hxg6 15.
Qc2 Qe7 16. Rad1 Rad8 17. Bf3 e4 18. Bg2 g5 19. Ne2 Bd6 20. Rd2 Bb4 21. Rdd1
Bd6 22. Rd2 Bb4 23. Bc3 Bxc3 24. Nxc3 Nc5 25. Rfd1 Rxd2 26. Rxd2 a5 27. Rd4
1/2-1/2

[Event "Paracin 2023"]
[Site "Paracin, Serbia"]
[Date "2023.07.14"]
[Round "8.14"]
[White "Djordjevic, Vuk"]
[Black "Jin, Yueheng"]
[Result "1/2-1/2"]
[WhiteElo "2385"]
[BlackElo "2113"]
[PlyCount "151"]
[EventDate "2023.??.??"]

1. e4 c5 2. g3 e6 3. Bg2 d5 4. exd5 exd5 5. d4 cxd4 6. Ne2 Bb4+ 7. Nd2 d3 8.
cxd3 Nf6 9. O-O O-O 10. Nb3 Nc6 11. Be3 Re8 12. h3 Bd6 13. Rc1 h6 14. a3 Bf5
15. Nbd4 Nxd4 16. Nxd4 Bg6 17. Qd2 Qd7 18. f4 h5 19. f5 Bh7 20. Bf4 Rac8 21.
Rxc8 Rxc8 22. Qf2 Re8 23. Bxd6 Qxd6 24. Re1 Rxe1+ 25. Qxe1 g6 26. Qe3 gxf5 27.
Ne2 Qe6 28. Kf2 a6 29. Nf4 Qd6 30. Qd4 Bg6 31. Bxd5 Kg7 32. b4 b6 33. Qc4 a5
34. Bf3 axb4 35. axb4 Kh7 36. Ne2 Kg7 37. Qc3 Kh7 38. Qc6 Qd8 39. d4 Ne4+ 40.
Bxe4 fxe4 41. h4 Qe7 42. Qc3 e3+ 43. Qxe3 Qxb4 44. d5 Qd6 45. Qd4 b5 46. Ng1 b4
47. Nf3 b3 48. Nd2 b2 49. Qxb2 Qc5+ 50. Ke2 Qxd5 51. Nf3 Qc4+ 52. Kf2 Qc5+ 53.
Nd4 Qe5 54. Qd2 Qc5 55. Qe3 Qb6 56. Kf3 Qb7+ 57. Kf2 Qb6 58. Kg2 Qb2+ 59. Ne2
Qc2 60. Kg1 Qd1+ 61. Kf2 Qc2 62. Qe7 Qd2 63. Qc5 Qb2 64. Ke3 Qb3+ 65. Nc3 Qe6+
66. Kd2 Qd7+ 67. Kc1 Qd3 68. Nd5 Qf1+ 69. Kd2 Qd3+ 70. Kc1 Qf1+ 71. Kd2 Qd3+
72. Kc1 Kg7 73. Qc3+ Qxc3+ 74. Nxc3 Kf6 75. Kd2 Ke5 76. Ke3 1/2-1/2

[Event "Paracin 2023"]
[Site "Paracin, Serbia"]
[Date "2023.07.14"]
[Round "8.15"]
[White "Becker, Marcel"]
[Black "Rohit, S."]
[Result "1/2-1/2"]
[WhiteElo "2323"]
[BlackElo "2109"]
[PlyCount "97"]
[EventDate "2023.??.??"]

1. d4 Nf6 2. c4 e6 3. Nf3 d5 4. Nc3 dxc4 5. e3 a6 6. Bxc4 b5 7. Be2 Bb7 8. O-O
Nbd7 9. b3 Bd6 10. Bb2 O-O 11. a4 b4 12. Nb1 Ne4 13. Nbd2 Nxd2 14. Nxd2 e5 15.
Bf3 Bxf3 16. Qxf3 exd4 17. Bxd4 c5 18. Nc4 cxd4 19. Nxd6 Nc5 20. Nb7 Nxb7 21.
Qxb7 dxe3 22. fxe3 Qe8 23. Rf3 a5 24. Raf1 Rd8 25. Qb5 Qxb5 26. axb5 Rd5 27.
Rf5 Rxf5 28. Rxf5 g6 29. Rd5 Kg7 30. b6 Rb8 31. Rb5 Kf6 32. Kf2 Ke6 33. Ke2 Kd6
34. Kd3 Kc6 35. Kc4 Rxb6 36. Rxa5 Kd7 37. Rd5+ Kc8 38. Rd4 Re6 39. e4 Rf6 40.
g3 Rf2 41. h4 Rg2 42. Rd3 Re2 43. Kxb4 Rxe4+ 44. Kc5 f5 45. b4 f4 46. gxf4 Rxf4
47. Rd4 Rf5+ 48. Rd5 Rf4 49. Rd4 1/2-1/2

[Event "Paracin 2023"]
[Site "Paracin, Serbia"]
[Date "2023.07.14"]
[Round "8.16"]
[White "Raahul, V S."]
[Black "Teo, Hong Ming"]
[Result "0-1"]
[WhiteElo "2319"]
[BlackElo "1939"]
[PlyCount "70"]
[EventDate "2023.??.??"]

1. c4 e6 2. Nc3 d5 3. d4 Nf6 4. cxd5 exd5 5. Bg5 c6 6. e3 Bd6 7. Qc2 O-O 8. Bd3
h6 9. Bh4 Re8 10. Nge2 a5 11. h3 Na6 12. a3 Nc7 13. O-O Ne6 14. f3 Ng5 15. e4
Nfxe4 16. fxe4 Nxh3+ 17. gxh3 Qxh4 18. e5 Rxe5 19. dxe5 Bc5+ 20. Nd4 Bxd4+ 21.
Kh1 Qxh3+ 22. Qh2 Qxd3 23. Rad1 Qh3 24. Rfe1 Qxh2+ 25. Kxh2 Bxc3 26. bxc3 Bf5
27. a4 Be4 28. c4 Re8 29. cxd5 cxd5 30. Rd2 Rxe5 31. Rb2 d4 32. Rd2 d3 33. Rxd3
Rh5+ 34. Rh3 Rxh3+ 35. Kxh3 Bc6 0-1

[Event "Paracin 2023"]
[Site "Paracin, Serbia"]
[Date "2023.07.14"]
[Round "8.17"]
[White "Ajay, Karthikeyan"]
[Black "Ilijic, Mihajilo"]
[Result "1-0"]
[WhiteElo "2441"]
[BlackElo "2136"]
[PlyCount "67"]
[EventDate "2023.??.??"]

1. d4 Nf6 2. c4 c5 3. d5 b5 4. cxb5 a6 5. e3 g6 6. Nc3 Bg7 7. a4 O-O 8. Nf3 Bb7
9. Be2 e6 10. dxe6 fxe6 11. O-O d5 12. Qc2 axb5 13. Nxb5 Na6 14. Bd2 Ne4 15.
Bc3 Nxc3 16. bxc3 c4 17. Rfb1 Nc5 18. Nbd4 Qe7 19. Rb5 Ra6 20. Qb1 e5 21. Qb4
exd4 22. cxd4 Rc8 23. Ra2 Qd7 24. dxc5 Bc6 25. Rb6 Rxa4 26. Rxa4 Bxa4 27. Rb7
Qe8 28. Bxc4 dxc4 29. Qxc4+ Kh8 30. Ng5 h6 31. Nf7+ Kh7 32. Nd6 Qc6 33. Rxg7+
Kxg7 34. Nxc8 1-0

[Event "Paracin 2023"]
[Site "Paracin, Serbia"]
[Date "2023.07.14"]
[Round "8.18"]
[White "Yatzenko, Anton"]
[Black "Kairbekova, Amina"]
[Result "1-0"]
[WhiteElo "2335"]
[BlackElo "2173"]
[PlyCount "91"]
[EventDate "2023.??.??"]

1. d4 Nf6 2. Nf3 g6 3. c4 Bg7 4. Nc3 O-O 5. e4 d6 6. Be2 Nbd7 7. O-O e5 8. Qc2
Qe7 9. Be3 c6 10. d5 c5 11. Bg5 h6 12. Bd2 Kh8 13. a3 Ng8 14. g3 Ndf6 15. Kg2
Ne8 16. Rab1 f5 17. Nh4 Qf7 18. exf5 gxf5 19. f4 e4 20. Nd1 Ne7 21. Ne3 b5 22.
b4 bxc4 23. Qxc4 a5 24. Bc3 axb4 25. axb4 Ba6 26. Bxg7+ Qxg7 27. Qc2 Qd4 28.
Bxa6 Rxa6 29. Rfd1 Qxe3 30. Rb3 Nxd5 31. Rxd5 Qe1 32. Ng6+ Kg7 33. Nxf8 Ra1 34.
Qc3+ Qxc3 35. Rxc3 cxb4 36. Rc8 Ra2+ 37. Kh3 Kxf8 38. Rxd6 Kf7 39. Rb6 Ra7 40.
Rc5 Ng7 41. Rxb4 Re7 42. Kg2 h5 43. Rb6 h4 44. Rcb5 hxg3 45. hxg3 Re8 46. Rb8
1-0

[Event "Paracin 2023"]
[Site "Paracin, Serbia"]
[Date "2023.07.14"]
[Round "8.19"]
[White "Beukes, Dante M"]
[Black "Shoshin, Kirill"]
[Result "1/2-1/2"]
[WhiteElo "2180"]
[BlackElo "2314"]
[PlyCount "151"]
[EventDate "2023.??.??"]

1. e4 c5 2. Nf3 Nc6 3. Bb5 g6 4. O-O Bg7 5. c3 Nf6 6. Re1 O-O 7. d4 d5 8. e5
Ne4 9. Be3 Qb6 10. Qe2 cxd4 11. cxd4 Bd7 12. Ba4 f5 13. exf6 exf6 14. Bb3 Be6
15. Nc3 Nxc3 16. bxc3 Na5 17. Nd2 Qc6 18. Rac1 b5 19. Bc2 Rfe8 20. Qf3 Bf7 21.
h4 Bf8 22. Bd3 Nc4 23. Nxc4 bxc4 24. Bc2 Qa6 25. h5 f5 26. a4 Rab8 27. Rb1 Qe6
28. Kf1 Bd6 29. Rxb8 Rxb8 30. Bf4 Qd7 31. Qg3 Bxf4 32. Qxf4 Rb2 33. Qc1 Rb6 34.
hxg6 hxg6 35. Qa3 Re6 36. Rxe6 Bxe6 37. Qb4 Qc7 38. g3 Kf7 39. Bd1 f4 40. Kg2
fxg3 41. fxg3 g5 42. Qb1 Kg7 43. Qc1 Qe7 44. Qd2 Qf6 45. Qf2 Qh6 46. Qe3 Qh3+
47. Kg1 Qf5 48. Qe5+ Qxe5 49. dxe5 Bf5 50. Kf2 d4 51. Be2 dxc3 52. Ke1 Bd3 53.
Bg4 a5 54. Kd1 Kf7 55. Kc1 Ke7 56. Bh3 Kd8 57. Be6 Kc7 58. Bg4 Kc6 59. Be6 Kc5
60. Bf7 Be4 61. Kd1 Bf5 62. Kc1 Be4 63. Kd1 Bd5 64. e6 Kd6 65. Kc2 Bxe6 66. Bg6
Bd7 67. Kxc3 Kc5 68. Bc2 Bg4 69. Bg6 Bf3 70. Bf5 Bd1 71. Bd7 Bb3 72. Be8 Bd1
73. Bd7 Bf3 74. Bf5 Be2 75. Be6 Bd1 76. Bd7 1/2-1/2

[Event "Paracin 2023"]
[Site "Paracin, Serbia"]
[Date "2023.07.14"]
[Round "8.20"]
[White "Nurgali, Nazerke"]
[Black "Petrovic, Aleksa"]
[Result "1-0"]
[WhiteElo "2192"]
[BlackElo "2311"]
[PlyCount "95"]
[EventDate "2023.??.??"]

1. d4 g6 2. c4 c6 3. Nc3 Bg7 4. e4 d6 5. Nf3 Bg4 6. Be3 Qb6 7. Qd2 Bxf3 8. gxf3
Nd7 9. Be2 Qa5 10. Rc1 Ngf6 11. f4 e5 12. fxe5 dxe5 13. d5 O-O 14. O-O Rfe8 15.
a3 Bf8 16. Ra1 cxd5 17. cxd5 Qd8 18. b4 Nb6 19. Rfc1 Qd7 20. f3 Qh3 21. Nb5
Rad8 22. Nc7 Re7 23. Bg5 Bg7 24. a4 h6 25. Be3 Nh5 26. a5 Nc8 27. Bd1 Nf4 28.
Ra2 Bf6 29. a6 bxa6 30. Rxa6 Bg5 31. Rc2 Red7 32. Bxf4 Bxf4 33. Qe2 Qh4 34. Kh1
Qe7 35. Rac6 Nd6 36. Na6 Rb7 37. Rc7 Rxc7 38. Rxc7 Qg5 39. Ba4 Be3 40. Qg2 Qf6
41. Nc5 Bd4 42. Qg3 Nxe4 43. Nxe4 Qa6 44. Kg2 Qxa4 45. Qh4 Rf8 46. Qxh6 Qa6 47.
b5 Be3 48. Qxf8+ 1-0